Vybrané state z ergonómie
Na minha lista:
| Autor principal: | |
|---|---|
| Outros Autores: | , |
| Formato: | Livro |
| Idioma: | eslovaco |
| Publicado em: |
Bratislava
VŠE
1970
|
| Tags: |
Sem tags, seja o primeiro a adicionar uma tag!
|
MARC
| LEADER | 00000nam a2200000 4500 | ||
|---|---|---|---|
| 001 | c111650 | ||
| 005 | 20190109130652.2 | ||
| 041 | 0 | |a slo | |
| 044 | |a SK | ||
| 245 | 1 | 0 | |a Vybrané state z ergonómie |c František Lipták, Imrich Borský, Jozef Daniel |
| 264 | 1 | |a Bratislava |b VŠE |c 1970 | |
| 300 | |a 91 s. | ||
| 100 | 1 | |a Lipták, František | |
| 700 | 1 | |a Borský, Imrich | |
| 700 | 1 | |a Daniel, Jozef | |